000
00196nam a22000857a 4500
008
170209b xxu||||| |||| 00| 0 eng d
100
_9
2818
_a
Coelho.P
245
_a
The Syp
260
_a
USA
_b
Penguin
_c
2016
999
_c
6033
_d
6033